|
|
|
|
| LEADER |
00000ny a22000003n 4500 |
| 005 |
20110519132635.0 |
| 008 |
970911s1996 sp s 000 spa c |
| 017 |
|
|
|a D.L. M40346-1996
|
| 020 |
|
|
|a 8471308908
|
| 035 |
|
|
|a 1602
|
| 040 |
|
|
|a UMA.RE
|d UMA.RLB
|d vLex
|
| 080 |
|
|
|a 342.4(460)
|
| 090 |
|
|
|c 52
|d 52
|
| 245 |
0 |
0 |
|a Comentarios a la Constitucin̤ Espaǫla de 1978
|h [Recurso electrn̤ico]
|c dirigidos por Oscar Alzaga Villaamil / Ignacio De̕z-Picazo Gimňez...[et al.]
|p Tomo III - Articulos 24 a 38 de la Constitucion Espaǫla de 1978
|
| 256 |
|
|
|a Servicio en ln̕ea
|
| 260 |
|
|
|a [Madrid] :
|b Cortes Generales :
|b EDERSA,
|c D.L. 1996
|
| 300 |
|
|
|a 745 p. ;
|
| 506 |
1 |
|
|a Contenido solo disponible en los productos indicados
|d vLex Global
|d vLex Global (Academic Edition, excluding Law Schools)
|d vLex Global (U.S. Academic Edition, Law Schools)
|d vLex Global (U.S. Academic Edition, excluding Law Schools)
|d vLex Global (Academic Edition, Law Schools)
|
| 650 |
0 |
4 |
|2 Tesauro vLex
|a Constitucional
|
| 650 |
0 |
4 |
|2 Tesauro vLex
|a Derechos fundamentales
|
| 700 |
1 |
|
|a Alzaga Villaamil, Oscar,
|e dir
|
| 700 |
1 |
|
|a De̕z-Picazo Gimňez, Ignacio
|
| 710 |
1 |
|
|a Espaą.
|b Cortes Generales,
|e ed
|
| 740 |
0 |
|
|a vLex Libros (Servicios en ln̕ea)
|
| 856 |
4 |
0 |
|z Acceso restringido
|u http://vlex.com/source/constitucion-espa-ola-comentarios-tomo-iii-1602
|
| 942 |
|
|
|c BOOK
|
| 999 |
0 |
|
|a Constitutional law
|b Spain
|